Responses for show #4227 - Tuesday, January 7, 2003

2003 Holiday Kids Week game 2.

Contestants

William Tarpeh, a twelve-year-old from Alexandria, Virginia

Jessie Robertson, an eleven-year-old from Hudson Oaks, Texas

Chris Palmquist, an eleven-year-old from Stanton, Iowa

Jeopardy! Round responses

ENGLISH CLASS
(Alex: Uh-oh, it's like going back to school, isn't it?)
I KNOW THAT SONG
1999
(Alex: You should remember that year.)
BREAKFAST CEREALS
A REALLY BIG CATEGORY
HAT'S ALL, FOLKS
    $200 7
apostrophe

Chris
    $200 6
The Wizard of Oz

William
    $200 27
[The end-of-round signal sounds.]

U.S. senators

Triple Stumper
    $200 1
Lucky Charms

William
    $200 15
pearl

Jessie
    $200 20
beret

William
    $400 12
adverb

William
    $400 8
John Jacob Jingleheimer Schmidt

Chris
    $400 2
Cheerios

William
    $400 16
a Tyrannosaurus rex

William
    $400 21
(Alex: With about a minute left in the round.)

hatter

Jessie
    $600 13
an infinitive

Triple Stumper
    $600 9
As Told by Ginger

Jessie
    $600 3
Wheaties

Jessie
    $600 17
Jupiter

William
    $600 23
Davy Crockett

Jessie
    $800 14
Jose

Jessie
    $800 10
"Angels We Have Heard on High"

Jessie
    $800 4
Alpha-bits

William
    $800 18
Sahara

Jessie
    $800 24
England

Jessie
    $1000 26
them

Triple Stumper
    $1000 11
"Battle Hymn of the Republic"

Jessie
    $400 22
(Alex: Jessie, anything?)
(Jessie: [Shakes head])
(Alex: You knew it. Eskimos. [*].)

Canada

Jessie
    $1000 5
(Jessie: What is...)

(Quaker instant) oatmeal

ChrisJessie
    $1000 19
Titanic

William
    $1000 25
Fez

Triple Stumper

Scores at the first commercial break (after clue 15):

Chris Jessie William
$1,600 $3,000 $2,000

Scores at the end of the Jeopardy! Round:

Chris Jessie William
$1,600 $5,200 $4,200

Double Jeopardy! Round responses

FICTIONAL CHARACTERS
BROADWAY
UP & ATOM
NATIONAL GEOGRAPHIC "B"
HISTORY OLDER THAN YOU
LANGUAGE QUESTIONS
    $400 10
Willy Wonka

William
    $400 18
Jack

Jessie
    $400 6
(William: What is an electron microscope?)
(Alex: [pause]...that's acceptable, yes.)

microscope

William
    $400 1
Berlin

William
    $400 23
Roman

Chris
    $400 12
"Do you speak English?"

Triple Stumper
    $800 13
Dr. Dolittle

Chris
    $800 19
Midas

Jessie
    $800 7
neutrons

William
    $800 2
Beijing

William
    $800 24
(Alex: With a minute to go.)

Moses

Chris
    $800 17
bathroom

Jessie
    $1200 14
Friday

Chris
    $1200 20
Beauty and the Beast

Chris
    $1200 8
electrons

William
    $1200 3
Belgium

Triple Stumper
    $1200 25
plague

Jessie
    $1200 28
"How much does this cost?"

William
    $1600 15
Amelia Bedelia

William
    $1600 21
mask

Jessie
    $1600 9
fusion

Jessie
    $1600 4
(Jessie: What is the Bering Sea?)

Baltic

Jessie
Triple Stumper
    $1600 26
Egyptians

Chris
    $500 29
(William: What is where?)
[The end-of-round signal sounds.]

when

William
    $300 16
(William: What is a seal?)

a mermaid

William
    $2000 22
1920s

Chris
    $2000 11
(Chris: What are the neutrons and protons?)
(Jessie: What are protons and electrons?)

protons

ChrisJessie
Triple Stumper
    $2000 5
Bosporus

Triple Stumper
    $2000 27
Alexander

William

Scores at the end of the Double Jeopardy! Round:

Chris Jessie William
$7,600 $8,000 $12,200

[wagering suggestions for these scores]

Final Jeopardy! Round responses

ANIMALS
ChrisWhat is a anteater? ??
$7,450
JessieWhat deer?
$4,001
WilliamWhat is a bear?
$1,000
a panda bear

Final scores:

Chris Jessie William
$150 $3,999 $11,200
3rd place: $1,000 + an HP Media Center computer package 2nd place: $2,000 + an HP Media Center computer package Winner: $11,200 + an HP Media Center computer package

Game dynamics:

Coryat scores:

Chris Jessie William
$7,600 $8,400 $13,000
10 R,
1 W
16 R,
4 W
(including 1 DD)
18 R,
2 W
(including 2 DDs)

Combined Coryat: $29,000

The J! Archive is created by fans, for fans. The Jeopardy! game show and all elements thereof, including but not limited to copyright and trademark thereto, are the property of Jeopardy Productions, Inc. and are protected under law. This website is not affiliated with, sponsored by, or operated by Jeopardy Productions, Inc. Join the discussion at JBoard.tv.